[Event "Torino Province-ch"]
[Site "Torino"]
[Date "2012.03.06"]
[Round "3"]
[White "Zanella, Wainer"]
[Black "Paoli, Mario"]
[Result "0-1"]
[WhiteElo "1629"]
[BlackElo "1812"]
[PlyCount "49"]
[EventDate "2012.02.21"]
[EventType "swiss"]
[EventRounds "7"]
[EventCountry "ITA"]
[SourceTitle "EXT 2015"]
[Source "ChessBase"]
[SourceDate "2014.11.20"]
[SourceVersion "1"]
[SourceVersionDate "2014.11.20"]
[SourceQuality "1"]

1. d4 d5 2. e4 dxe4 3. Nc3 Nf6 4. f3 exf3 5. Nxf3 e6 6. Bg5 Be7 7. Bd3 h6 8. Bh4 Nc6 9. Ne2 Ng4 10. Bxe7 Qxe7 11. Qd2 Nb4 12. c4 Nxd3+ 13. Qxd3 Qb4+ 14. Qc3 Qxc3+ 15. Nxc3 c6 16. 0-0 Ne3 17. Rf2 Nxc4 18. Ne4 0-0 19. b3 Ne3 20. Ne5 Nf5 21. g4 Ne7 22. Raf1 f6 23. Nd6 b6 24. Ndf7 Rxf7 25. Nxf7 0-1

[Event "Torino Province-ch"]
[Site "Torino"]
[Date "2012.02.21"]
[Round "1"]
[White "Zanella, Wainer"]
[Black "Bosetti, Roberto"]
[Result "1/2-1/2"]
[WhiteElo "1629"]
[BlackElo "1874"]
[PlyCount "83"]
[EventDate "2012.02.21"]
[EventType "swiss"]
[EventRounds "7"]
[EventCountry "ITA"]
[SourceTitle "EXT 2015"]
[Source "ChessBase"]
[SourceDate "2014.11.20"]
[SourceVersion "1"]
[SourceVersionDate "2014.11.20"]
[SourceQuality "1"]

1. d4 Nf6 2. f3 d5 3. e4 dxe4 4. Nc3 exf3 5. Nxf3 Bg4 6. h3 Bh5 7. g4 Bg6 8. Ne5 e6 9. Bg2 Nd5 10. Qf3 Bb4 11. 0-0 0-0 12. Nxd5 exd5 13. Nxg6 hxg6 14. Qb3 Qe7 15. c3 Bd6 16. Qxb7 Nd7 17. Qxd5 Rab8 18. Bg5 Qe2 19. Rf2 Qb5 20. Raf1 Nf6 21. Bxf6 gxf6 22. Rxf6 Kg7 23. Rxf7+ Rxf7 24. Qxf7+ Kh6 25. Qf2 Qg5 26. Bf3 Rf8 27. h4 Qe7 28. g5+ Kg7 29. Re1 Qf7 30. Rf1 Qe6 31. Qg2 Qe3+ 32. Kh1 Qf4 33. Qh3 Qd2 34. Qg2 Qf4 35. Qh3 Qd2 36. Bg2 Rxf1+ 37. Bxf1 Qe1 38. Kg1 Qg3+ 39. Qxg3 Bxg3 40. b4 Bxh4 41. c4 Bxg5 42. a4 1/2-1/2